| 000 | 00469 a2200169 4500 | ||
|---|---|---|---|
| 003 | OSt | ||
| 005 | 20231223142844.0 | ||
| 008 | 231223b |||||||| |||| 00| 0 eng d | ||
| 020 | _a8170555930 | ||
| 040 | _coclc | ||
| 082 |
_a891.433 _bKAL/B |
||
| 100 |
_aKalia, Mamta _9362 |
||
| 245 |
_aBOLNEWALI AURAT / _cMamtha Kalia |
||
| 260 |
_aNew Delhi: _bVani Prakashan, _c2012. |
||
| 300 | _a91p | ||
| 942 |
_2ddc _cBK _h891.433 _iKAL/B _k891.433 _mKAL/B |
||
| 999 |
_c43554 _d43554 |
||